Huncho Jack Charting Songs (Billboard Hot 100) - Statistics

General Stats
  • This quiz has been taken 17 times
  • The average score is 6 of 7
Answer Stats
Album Weeks On Peak Artist(s) Song % Correct
Huncho Jack, Jack Huncho 1 Week #65 Huncho Jack ft. TakeOff Eye 2 Eye
100%
Huncho Jack, Jack Huncho 1 Week #90 Huncho Jack Motorcycle Patches
100%
Huncho Jack, Jack Huncho 1 Week #71 Huncho Jack Black & Chinese
89%
Huncho Jack, Jack Huncho 1 Week #83 Huncho Jack ft. Offset Dubai Shit
89%
Huncho Jack, Jack Huncho 1 Week #92 Huncho Jack Saint
78%
Huncho Jack, Jack Huncho 1 Week #68 Huncho Jack Modern Slavery
67%
Huncho Jack, Jack Huncho 1 Week #87 Huncho Jack Huncho Jack
44%
No matching quizzes found
Score Distribution
Percent of People with Each Score
Percentile by Number Answered
Your Score History
You have not taken this quiz